Allgemeinwissen leicht #2 - Statistiken

Allgemein
  • Dieses Quiz wurde 1.981 mal gespielt
  • Das Durchschnittsergebnis liegt bei 17 aus 20
Antwortstatistiken
Hint Antwort % Korrekt
Welche Farbe haben Flamingos normalerweise? Pink/Rosa
98%
Wie nennt man Menschen, die keine tierischen Produkte essen? Veganer
98%
Wie viele Einwohner hat Deutschland ungefähr? Ca. 83 Millionen
95%
Wie heißt die Hauptstadt von Griechenland? Athen
94%
Wie heißt der höchste Berg der Erde? Mount Everest
94%
Was ist das höchste Bauwerk in Paris? Eiffelturm
93%
Als was ist H2O besser bekannt? Wasser
93%
Welchen Vornamen teilen sich Bieber und Timberlake? Justin
91%
Wie heißt die Hauptstadt der Vereinigten Staaten von Amerika? Washington DC
91%
Wie heißt die Hauptstadt Italiens? Rom
90%
Welches ist das südlichste Land in Afrika? Südafrika
88%
Welches ist das größte ("höchste") Landtier? Giraffe
86%
Was ist die Quersumme aus 2022? 6
82%
Wer war der erste afroamerikanische Präsident der Vereinigten Staaten von Amerika? Barack Obama
82%
Wie heißt die einwohnerreichste Stadt der Türkei? Istanbul
82%
Welcher berühmte General hieß mit Nachnamen Bonaparte? Napoleon
80%
Wie hieß der erste Mensch auf dem Mond? Neil Armstrong
72%
Was ist die Hauptstadt von Niedersachsen? Hannover
68%
Was wird auf vielen Hochzeitsfeiern von der Braut in die Menge geworfen? Brautstrauß
61%
Wessen lange Regentschaft als Königin von England begann 1952? Queen Elizabeth II
30%
Keine übereinstimmenden Quizze gefunden
Verteilung der Resultate
Anzahl Personen mit jedem Resultat
Perzentil nach korrekt beantworteten Fragen
Ihre Resultats-Entwicklung
Sie haben dieses Quiz noch nicht gespielt